British sanvidhaan (Hindi) (Record no. 405887)

000 -LEADER
fixed length control field 00373cam a22001217a 4500
008 - FIXED-LENGTH DATA ELEMENTS--GENERAL INFORMATION
fixed length control field 180718b1997 xxu||||| |||| 00| 0 eng d
100 ## - MAIN ENTRY--PERSONAL NAME
Personal name Jenings, Ivar
245 ## - TITLE STATEMENT
Title British sanvidhaan (Hindi)
Statement of responsibility, etc. by Ivar Jenings and Omprakash Gaba
260 ## - PUBLICATION, DISTRIBUTION, ETC.
Place of publication, distribution, etc. Delhi
Name of publisher, distributor, etc. Hindi Madhyam Karyanvay Nideshalya
Date of publication, distribution, etc. 1997
300 ## - PHYSICAL DESCRIPTION
Extent 220p.
650 ## - SUBJECT ADDED ENTRY--TOPICAL TERM
Topical term or geographic name entry element Constitution-british
700 ## - ADDED ENTRY--PERSONAL NAME
Personal name Gaba, Omprakash
Holdings
Withdrawn status Lost status Damaged status Not for loan Permanent Location Current Location Date acquired Barcode Date last seen Price effective from Koha item type
        Indian Institute of Public Administration Indian Institute of Public Administration 2006-08-26 79684 2018-07-21 2018-07-21 Book

Powered by Koha